Hot in Place Recycling Experience on Motor Way (M - 2) in Pakistan [MS Thesis] / (Record no. 1998)

000 -LEADER
fixed length control field 00364 a2200097 4500
082 ## - DEWEY DECIMAL CLASSIFICATION NUMBER
Classification number 388.1 QUR
100 ## - MAIN ENTRY--PERSONAL NAME
Personal name Nadeem Anwer Qureshi
245 ## - TITLE STATEMENT
Title Hot in Place Recycling Experience on Motor Way (M - 2) in Pakistan [MS Thesis] /
Statement of responsibility, etc. Nadeem Anwer Qureshi
260 ## - PUBLICATION, DISTRIBUTION, ETC.
Place of publication, distribution, etc. Risalpur :
Name of publisher, distributor, etc. National Institute of Transportation,
Date of publication, distribution, etc. 2008
300 ## - PHYSICAL DESCRIPTION
Extent various Pages
Other physical details 30 cm
Dimensions CD
650 ## - SUBJECT ADDED ENTRY--TOPICAL TERM
Topical term or geographic name entry element Transportation Engineering
Holdings
Withdrawn status Lost status Damaged status Not for loan Permanent Location Current Location Shelving location Date acquired Total Checkouts Full call number Barcode Date last seen Price effective from Koha item type
        School of Civil and Environmental Engineering (SCEE) School of Civil and Environmental Engineering (SCEE)       388.1 QUR NIT-103T 01/05/2017 01/05/2017 Book
© 2023 Central Library, National University of Sciences and Technology. All Rights Reserved.